[Event "ASKO Høstturnering 2009"]
[Site "Oslo"]
[Date "2009.09.29"]
[Round "3"]
[White "Olsen, Andrei"]
[Black "Tveit, Geir"]
[Result "1/2-1/2"]
[WhiteElo "1606"]
[BlackElo "1472"]
[PlyCount "50"]
[EventDate "2009.??.??"]

1. e4 d5 2. exd5 Nf6 3. Nf3 Bg4 4. Bb5+ Nbd7 5. h3 Bf5 6. c4 a6 7. Ba4 b5 8.
Bc2 Bxc2 9. Qxc2 bxc4 10. Qxc4 Nb6 11. Qc6+ Qd7 12. Nc3 Nfxd5 13. Qxd7+ Kxd7
14. Ne5+ Ke8 15. O-O f6 16. Ng4 e6 17. g3 Bd6 18. a4 Kf7 19. a5 Nd7 20. Nxd5
exd5 21. d4 Rab8 22. Ne3 c6 23. Nf5 Bc7 24. Re1 Rhe8 25. Rxe8 Rxe8 1/2-1/2

[Event "ASKO Høstturnering 2009"]
[Site "Oslo"]
[Date "2009.09.29"]
[Round "3"]
[White "Søreng, Eirik"]
[Black "Johansen, Pål H."]
[Result "0-1"]
[WhiteElo "1620"]
[BlackElo "1565"]
[PlyCount "44"]
[EventDate "2009.??.??"]

1. e4 e5 2. Bc4 Nf6 3. d4 exd4 4. Nf3 Bb4+ 5. c3 dxc3 6. bxc3 Ba5 7. O-O O-O 8.
Bg5 d6 9. Nd4 h6 10. Bh4 g5 11. Bg3 Nxe4 12. Qh5 Qf6 13. Nb3 Bb6 14. N1d2 Nxc3
15. Kh1 Be6 16. Bd3 Nc6 17. f4 Be3 18. f5 Bd5 19. Rac1 Nxa2 20. Ra1 Nab4 21.
Bb1 a5 22. Re1 Rfe8 0-1

[Event "ASKO Høstturnering 2009"]
[Site "Oslo"]
[Date "2009.09.29"]
[Round "3"]
[White "Valle, Stian"]
[Black "Paulshus, Anders"]
[Result "0-1"]
[WhiteElo "1193"]
[BlackElo "1203"]
[PlyCount "56"]
[EventDate "2009.??.??"]

1. e4 d5 2. exd5 Qxd5 3. Nc3 Qa5 4. d4 c6 5. h3 Nf6 6. Nf3 Ne4 7. Qd3 Nxc3 8.
Bd2 Bf5 9. Qc4 Bxc2 10. Rc1 Qxa2 11. Qxa2 Nxa2 12. Rxc2 e6 13. Rc4 b5 14. Rc2
Bb4 15. Bxb5 Bxd2+ 16. Kxd2 Nb4 17. Rc4 Ke7 18. Rxb4 cxb5 19. Rc1 a6 20. Ne5
Ra7 21. Rb3 f6 22. Nd3 Rd8 23. Ke3 Rad7 24. Nb4 Rxd4 25. Rc7+ R8d7 26. Rbc3 a5
27. Nc6+ Nxc6 28. Rxd7+ Kxd7 0-1

[Event "ASKO Høstturnering 2009"]
[Site "Oslo"]
[Date "2009.10.13"]
[Round "4"]
[White "Briseid, Håkon"]
[Black "Hole, Øystein"]
[Result "0-1"]
[WhiteElo "1962"]
[BlackElo "2377"]
[PlyCount "72"]
[EventDate "2009.??.??"]

1. d4 Nf6 2. c4 c5 3. Nf3 e6 4. Nc3 d5 5. cxd5 exd5 6. g3 Nc6 7. Bg2 Be7 8. O-O
O-O 9. Bg5 c4 10. Ne5 Be6 11. Qd2 Rc8 12. Kh1 Qb6 13. Be3 Rfd8 14. f4 Bf5 15.
g4 Be4 16. Nxe4 Nxe4 17. Bxe4 dxe4 18. Nxc4 Qb4 19. Rac1 Nxd4 20. Bxd4 Rxc4 21.
Qxb4 Rxb4 22. e3 Bf6 23. a3 Rb3 24. Rfd1 h5 25. Bxa7 Rxd1+ 26. Rxd1 hxg4 27.
Bd4 Bxd4 28. Rxd4 f5 29. Rb4 Rxb4 30. axb4 g5 31. fxg5 Kg7 32. Kg2 Kg6 33. Kg3
Kxg5 34. b5 b6 35. b3 f4+ 36. exf4+ Kf5 0-1

[Event "ASKO Høstturnering 2009"]
[Site "Oslo"]
[Date "2009.10.13"]
[Round "4"]
[White "Einarsen, Kenneth"]
[Black "Fredriksen, Jan Gunnar"]
[Result "1-0"]
[WhiteElo "1884"]
[BlackElo "1794"]
[PlyCount "53"]
[EventDate "2009.??.??"]

1. e4 c5 2. d4 cxd4 3. c3 dxc3 4. Nxc3 d6 5. Bc4 Nf6 6. e5 Ng4 7. e6 Ne5 8.
Bb5+ Nbc6 9. f4 Bxe6 10. fxe5 dxe5 11. Be3 Bd7 12. Nf3 a6 13. Nd5 e6 14. Bb6
exd5 15. Bxd8 Bb4+ 16. Kf1 axb5 17. Bc7 O-O 18. Nxe5 Nxe5 19. Bxe5 Ra6 20. Bd4
Re8 21. Kf2 Re4 22. Rf1 Rg6 23. h3 b6 24. Rc1 Rf4+ 25. Kg1 Re4 26. Qf3 Be6 27.
Rc6 1-0

[Event "ASKO Høstturnering 2009"]
[Site "Oslo"]
[Date "2009.10.13"]
[Round "4"]
[White "Hjelle, Øyvind"]
[Black "Breivik, Rolv"]
[Result "0-1"]
[WhiteElo "1422"]
[BlackElo "1571"]
[PlyCount "80"]
[EventDate "2009.??.??"]

1. e4 c5 2. Nf3 g6 3. d4 Bg7 4. dxc5 Qa5+ 5. c3 Qxc5 6. Be3 Qc7 7. Bd3 Nc6 8.
Nbd2 Nf6 9. h3 O-O 10. Qc2 d5 11. exd5 Nxd5 12. Bg5 Ne5 13. Be4 e6 14. Qb3 h6
15. Bh4 Nf4 16. Nxe5 Qxe5 17. O-O-O a5 18. Rhe1 a4 19. Qc4 Qa5 20. Be7 Re8 21.
Bd6 e5 22. Qc7 Qxc7 23. Bxc7 f5 24. Bc2 Nxg2 25. Rg1 Nf4 26. Kb1 b5 27. Nf3 Bb7
28. Nh4 Rac8 29. Rd7 Bc6 30. Rxg7+ Kxg7 31. Nxf5+ Kh8 32. Bxe5+ Rxe5 33. Nxh6
Kh7 34. Nf7 Re7 35. Ng5+ Kh6 36. h4 Rce8 37. b3 a3 38. Bd1 Re1 39. Nf7+ Kg7 40.
Rxe1 Rxe1 0-1

[Event "ASKO Høstturnering 2009"]
[Site "Oslo"]
[Date "2009.10.13"]
[Round "4"]
[White "Johansen, Pål H."]
[Black "Erikstad, Olav"]
[Result "0-1"]
[WhiteElo "1581"]
[BlackElo "1665"]
[PlyCount "62"]
[EventDate "2009.??.??"]

1. e4 c6 2. d4 d5 3. exd5 cxd5 4. Nc3 Nf6 5. Bf4 Nc6 6. Nf3 Bg4 7. Be2 Qb6 8.
Qd2 e6 9. Na4 Qb4 10. Qxb4 Bxb4+ 11. c3 Bxf3 12. gxf3 Ba5 13. O-O-O Rc8 14. Kb1
Nd7 15. Rhg1 g6 16. Nc5 Nxc5 17. dxc5 Bd8 18. Bb5 O-O 19. c4 dxc4 20. Rd7 Bf6
21. Bd6 Rfd8 22. Rxb7 Bd4 23. Rg4 Na5 24. Rxa7 Rxd6 25. Rxa5 Rxc5 26. Ra8+ Kg7
27. a4 c3 28. bxc3 Rxc3 29. Rb8 Be5 30. Re4 Rd1+ 31. Kb2 Rd2+ 0-1

[Event "ASKO Høstturnering 2009"]
[Site "Oslo"]
[Date "2009.10.13"]
[Round "4"]
[White "Knudsen, Henning A."]
[Black "Valle, Stian"]
[Result "0-1"]
[WhiteElo "1245"]
[BlackElo "1193"]
[PlyCount "60"]
[EventDate "2009.??.??"]

1. e4 e5 2. f4 Nc6 3. fxe5 Qh4+ 4. g3 Qxe4+ 5. Qe2 Qxh1 6. Nf3 Bc5 7. Nc3 Nd4
8. Nxd4 Bxd4 9. Ne4 b6 10. c3 Bb7 11. Nf2 Bxf2+ 12. Qxf2 Qd5 13. d4 O-O-O 14.
Bf4 f6 15. O-O-O fxe5 16. dxe5 Qxa2 17. Bh3 Qf7 18. e6 dxe6 19. Rxd8+ Kxd8 20.
Bg5+ Nf6 21. Qd4+ Kc8 22. Qe5 Re8 23. Qb5 Nd7 24. Qc4 Bd5 25. Qa6+ Kb8 26. c4
Bc6 27. Be3 Qh5 28. Bf1 Nc5 29. Qa3 Rd8 30. Bd2 Ba4 0-1

[Event "ASKO Høstturnering 2009"]
[Site "Oslo"]
[Date "2009.10.15"]
[Round "4"]
[White "Liabøtrø, Ola"]
[Black "Olsen, Andrei"]
[Result "0-1"]
[WhiteElo "1367"]
[BlackElo "1606"]
[PlyCount "34"]
[EventDate "2009.??.??"]

1. d4 Nf6 2. Nf3 g6 3. c4 d5 4. Nc3 Bg7 5. e3 O-O 6. b3 c5 7. Bb2 cxd4 8. Nxd4
Qa5 9. Qc2 e5 10. Nf3 d4 11. exd4 exd4 12. Nxd4 Re8+ 13. Kd1 Rd8 14. Nce2 Nc6
15. Kc1 Qe1+ 16. Qd1 Qxf2 17. Bc3 Ne4 0-1

[Event "ASKO Høstturnering 2009"]
[Site "Oslo"]
[Date "2009.10.13"]
[Round "4"]
[White "Olaussen, Atle Gjøran"]
[Black "Søreng, Eirik"]
[Result "0-1"]
[WhiteElo "1333"]
[BlackElo "1620"]
[PlyCount "58"]
[EventDate "2009.??.??"]

1. d4 d5 2. c4 Nc6 3. Nc3 dxc4 4. e3 e5 5. d5 Na5 6. Bxc4 Nxc4 7. Qa4+ Bd7 8.
Qxc4 a6 9. a4 Bd6 10. Nf3 Nf6 11. e4 O-O 12. Bg5 b5 13. Qd3 bxa4 14. Nxa4 Bb5
15. Qc2 h6 16. Bh4 g5 17. Bg3 c6 18. Nc3 Qb6 19. Nxe5 cxd5 20. f3 Qe3+ 21. Kd1
Qd4+ 22. Ke1 Bxe5 23. Nxb5 axb5 24. Rb1 dxe4 25. Bxe5 Qxe5 26. Qe2 Qc5 27. b4
Qc3+ 28. Kf2 e3+ 29. Qxe3 Ra2+ 0-1

[Event "ASKO Høstturnering 2009"]
[Site "Oslo"]
[Date "2009.10.13"]
[Round "4"]
[White "Olsen, Alf Marius Foss"]
[Black "Tveit, Geir"]
[Result "0-1"]
[WhiteElo "1461"]
[BlackElo "1472"]
[PlyCount "110"]
[EventDate "2009.??.??"]

1. e4 d5 2. exd5 Nf6 3. Nc3 Nxd5 4. Nf3 Bg4 5. h3 Bh5 6. Ne4 e6 7. b3 Be7 8.
Bb2 O-O 9. Be2 Bg6 10. d3 Bb4+ 11. Kf1 Bxe4 12. dxe4 Nf4 13. c4 Qxd1+ 14. Rxd1
Na6 15. a3 Be7 16. b4 Rad8 17. Bd4 c5 18. Be3 Nxe2 19. Kxe2 cxb4 20. axb4 Nxb4
21. Bxa7 Ra8 22. Rd7 Nc6 23. Bb6 Ra2+ 24. Ke3 Ra3+ 25. Kf4 h6 26. Rhd1 Rc3 27.
Rxb7 Bg5+ 28. Nxg5 hxg5+ 29. Kxg5 f6+ 30. Kh5 g6+ 31. Kxg6 Ne5+ 32. Kh6 Rxc4
33. Re1 Nf7+ 34. Kg6 Ne5+ 35. Kh5 Kh8 36. Re3 f5 37. f4 Nf7 38. Kg6 Nd6 39.
Rh7+ Kg8 40. exf5 Ne4 41. fxe6 Rf6+ 42. Kh5 Kxh7 43. Kg4 Rxe6 44. Kf5 Rxb6 45.
Rxe4 Rxe4 46. Kxe4 Kg6 47. Kf3 Kh5 48. g3 Rb3+ 49. Kf2 Kg6 50. Kg2 Kf5 51. Kf2
Ke4 52. h4 Rb2+ 53. Kg1 Kf3 54. h5 Kxg3 55. Kf1 Kxf4 0-1

[Event "ASKO Høstturnering 2009"]
[Site "Oslo"]
[Date "2009.10.13"]
[Round "4"]
[White "Paulshus, Anders"]
[Black "Syversrud, Jørn Christian"]
[Result "0-1"]
[WhiteElo "1203"]
[BlackElo "1250"]
[PlyCount "105"]
[EventDate "2009.??.??"]

1. e4 c5 2. d4 cxd4 3. c3 dxc3 4. Nxc3 e6 5. Nf3 Nc6 6. Bf4 a6 7. Qa4 Qa5 8. a3
b5 9. b4 Qxa4 10. Nxa4 bxa4 11. Be2 Nf6 12. Bd3 Be7 13. O-O O-O 14. Rfe1 d6 15.
Bc2 Bb7 16. Bxa4 Rfd8 17. Rac1 Rac8 18. h3 e5 19. Be3 Nb8 20. Bg5 Rxc1 21. Rxc1
Rc8 22. Rxc8+ Bxc8 23. Nd2 Be6 24. Bc2 Nc6 25. Bd3 Nb8 26. b5 axb5 27. Bxb5 Kf8
28. a4 Nfd7 29. Be3 Nc5 30. f3 Bd8 31. Nc4 Bxc4 32. Bxc5 dxc5 33. Bxc4 Ke7 34.
Kf2 Nc6 35. Ke3 Ba5 36. f4 f6 37. g4 exf4+ 38. Kxf4 Bd2+ 39. Kg3 Kd6 40. Bd5
Nd4 41. Kf2 Ke5 42. Kg3 g5 43. Kf2 Kf4 44. Kg2 Ke3 45. h4 h6 46. hxg5 hxg5 47.
Kg3 Kd3 48. Kf2 c4 49. Kg2 c3 50. a5 c2 51. a6 Nb5 52. e5 c1=Q 53. exf6 0-1

[Event "ASKO Høstturnering 2009"]
[Site "Oslo"]
[Date "2009.10.13"]
[Round "4"]
[White "Skrondal, Inge Sandstad"]
[Black "Blomkvist, Vemund"]
[Result "1-0"]
[WhiteElo "2189"]
[BlackElo "1484"]
[PlyCount "129"]
[EventDate "2009.??.??"]

1. d4 e5 2. dxe5 Nc6 3. Nf3 Qe7 4. Bf4 f6 5. exf6 Qxf6 6. Bc1 Bc5 7. Nc3 d6 8.
Ne4 Qg6 9. Nxc5 dxc5 10. c3 Bf5 11. Nh4 Qh5 12. Nxf5 Qxf5 13. Qd3 Qh5 14. Qf3
Qg6 15. Qg3 Qc2 16. Qd3 Qa4 17. b3 Qg4 18. Qg3 Qf5 19. e4 Qxe4+ 20. Qe3 Nf6 21.
Bd3 Qxe3+ 22. Bxe3 O-O 23. O-O Ne5 24. Rfd1 b6 25. h3 a5 26. Bb5 c6 27. Bf1 a4
28. Bf4 Ng6 29. Bc7 Ne4 30. Bxb6 Rab8 31. Bc7 Rb7 32. Bd6 Rf6 33. Bc4+ Kh8 34.
Be5 Rf8 35. Bd6 Rxf2 36. Bxc5 Rd2 37. Rxd2 Nxd2 38. Rd1 Rd7 39. Kh1 Ne5 40. Be6
Rd3 41. Bf5 Rd5 42. Bd4 axb3 43. Rxd2 c5 44. axb3 cxd4 45. Rxd4 Rxd4 46. cxd4
Nc6 47. d5 Nb4 48. Be4 Na6 49. d6 Nb8 50. b4 Kg8 51. b5 Kf7 52. Bc6 Ke6 53. d7
Nxd7 54. Bxd7+ Kxd7 55. Kh2 Kd6 56. Kg3 Kc5 57. Kf4 Kxb5 58. Ke5 Kc5 59. g4 Kc4
60. Ke6 Kd4 61. Kf7 g6 62. Kg7 Ke5 63. Kxh7 Kf6 64. Kh6 Kf7 65. g5 1-0

[Event "ASKO Høstturnering 2009"]
[Site "Oslo"]
[Date "2009.10.13"]
[Round "4"]
[White "Øhman, Kjell Tage"]
[Black "Flügel, Stefan"]
[Result "1-0"]
[WhiteElo "1629"]
[BlackElo "1715"]
[PlyCount "71"]
[EventDate "2009.??.??"]

1. d4 d5 2. Nf3 Nc6 3. Bf4 Bg4 4. c4 e6 5. e3 Nf6 6. h3 Bxf3 7. gxf3 Bb4+ 8.
Nc3 Qe7 9. Qb3 O-O 10. a3 Bxc3+ 11. Qxc3 a5 12. c5 Nh5 13. Bh2 f6 14. O-O-O a4
15. Bb5 f5 16. Rhg1 f4 17. e4 Qh4 18. Rg2 Qxh3 19. Rdg1 Ne7 20. Bf1 Qh4 21. Rh1
Ng6 22. Rg4 Qe7 23. e5 b6 24. c6 Ra5 25. Kb1 Rf5 26. Rhg1 Nxe5 27. dxe5 Rc5 28.
Qd4 Rxc6 29. Bd3 Rc4 30. Bxc4 c5 31. Qc3 dxc4 32. Qxc4 Rxe5 33. Bxf4 Rd5 34.
Qxa4 h6 35. Bxh6 Qf7 36. Bxg7 1-0

[Event "ASKO Høstturnering 2009"]
[Site "Oslo"]
[Date "2009.10.27"]
[Round "5"]
[White "Blomkvist, Vemund"]
[Black "Johansen, Pål H."]
[Result "0-1"]
[WhiteElo "1494"]
[BlackElo "1592"]
[PlyCount "67"]
[EventDate "2009.??.??"]

1. e4 c5 2. b4 cxb4 3. f4 e6 4. a3 Nf6 5. e5 Nd5 6. axb4 Nxf4 7. d4 Ng6 8. Nf3
Bxb4+ 9. c3 Be7 10. Bd3 d6 11. O-O dxe5 12. Bxg6 hxg6 13. Nxe5 O-O 14. Qg4 Nc6
15. Nd2 Nxe5 16. dxe5 g5 17. Qh5 f5 18. Nf3 g4 19. Ng5 Bxg5 20. Bxg5 Qe8 21.
Qh4 Bd7 22. h3 gxh3 23. Rf3 Qg6 24. Rxh3 Kf7 25. Rg3 Rh8 26. Qb4 Bc6 27. Qe7+
Kg8 28. Bf4 Qf7 29. Qc5 Rh4 30. Bg5 Re4 31. Bf6 Rg4 32. Rxg4 fxg4 33. Bh4 Rf8
34. Rxa7 0-1

[Event "ASKO Høstturnering 2009"]
[Site "Oslo"]
[Date "2009.10.27"]
[Round "5"]
[White "Erikstad, Olav"]
[Black "Øhman, Kjell Tage"]
[Result "0-1"]
[WhiteElo "1646"]
[BlackElo "1631"]
[PlyCount "70"]
[EventDate "2009.??.??"]

1. e4 c5 2. c4 Nc6 3. Nf3 Nf6 4. Nc3 g6 5. g3 Bg7 6. Bg2 O-O 7. O-O d6 8. d3 h6
9. Be3 Bd7 10. Qd2 Kh7 11. Rab1 Ng4 12. Bf4 Nge5 13. Be3 Nxf3+ 14. Bxf3 Bh3 15.
Bg2 Bxg2 16. Kxg2 f5 17. f4 e6 18. e5 b6 19. exd6 Qxd6 20. Nb5 Qd7 21. a3 Rad8
22. Rfd1 e5 23. b4 cxb4 24. axb4 exf4 25. Bxf4 g5 26. Bd6 Rf7 27. c5 Ne5 28.
Nd4 f4 29. Qe2 f3+ 30. Nxf3 Nxf3 31. Rf1 Re8 32. Qd1 Qb7 33. Kh3 g4+ 34. Kxg4
Qd7+ 35. Kh5 Qf5# 0-1

[Event "ASKO Høstturnering 2009"]
[Site "Oslo"]
[Date "2009.11.03"]
[Round "5"]
[White "Hole, Øystein"]
[Black "Skrondal, Inge Sandstad"]
[Result "0-1"]
[WhiteElo "2368"]
[BlackElo "2220"]
[PlyCount "96"]
[EventDate "2009.??.??"]

1. c4 g6 2. Nf3 Bg7 3. g3 c5 4. Bg2 Nc6 5. O-O d6 6. Nc3 e5 7. Ne1 Be6 8. d3
Nge7 9. Nc2 d5 10. cxd5 Nxd5 11. Ne3 Nde7 12. Ne4 b6 13. Ng5 Bd7 14. f4 exf4
15. Nc4 O-O 16. Bxf4 h6 17. Ne4 Be6 18. Qe1 Kh7 19. Ned6 Qd7 20. Bd2 Rad8 21.
a4 Nd4 22. Qd1 Bg4 23. Rf2 Nef5 24. Nxf5 Bxf5 25. Ne3 Be6 26. Ra3 Rfe8 27. b4
cxb4 28. Bxb4 Bb3 29. Rxb3 Rxe3 30. Rb1 Qg4 31. Kf1 Rde8 32. Rb2 Nxe2 33. Rbxe2
Rxe2 34. Rxe2 Rxe2 35. Qxe2 Qxb4 36. Qc2 Bc3 37. Bd5 Kg7 38. Qb3 Qd4 39. Qc4
Qf6+ 40. Kg2 Bd4 41. Qa2 Bc5 42. Qe2 Qd4 43. Bc4 h5 44. Qf1 f5 45. Qe1 g5 46.
Qf1 g4 47. Qe1 Qe3 48. Qxe3 Bxe3 0-1

[Event "ASKO Høstturnering 2009"]
[Site "Oslo"]
[Date "2009.10.27"]
[Round "5"]
[White "Lade, Arnstein S."]
[Black "Einarsen, Kenneth"]
[Result "1/2-1/2"]
[WhiteElo "1569"]
[BlackElo "1879"]
[PlyCount "89"]
[EventDate "2009.??.??"]

1. f4 d5 2. Nf3 c5 3. g3 Nc6 4. Bg2 Nf6 5. d3 e6 6. Nc3 d4 7. Ne4 Nd5 8. O-O b6
9. c4 Nde7 10. Nf2 f6 11. e4 dxe3 12. Bxe3 Bb7 13. Qd2 Qd7 14. a3 Nf5 15. g4
Nfd4 16. Bxd4 Nxd4 17. Nxd4 Bxg2 18. Kxg2 Qxd4 19. Rfe1 Kf7 20. Re4 Qd7 21.
Rae1 Re8 22. f5 e5 23. Nd1 Rd8 24. R1e3 g6 25. fxg6+ hxg6 26. Rf3 Qe6 27. Nc3
Rd4 28. Qe2 Bg7 29. Nb5 Rd7 30. Nc3 f5 31. Qf2 Kg8 32. gxf5 gxf5 33. Rh4 Rxh4
34. Qxh4 Rd4 35. Qh5 e4 36. dxe4 fxe4 37. Rf5 Rd2+ 38. Kg1 e3 39. Nd5 e2 40.
Nf6+ Qxf6 41. Qe8+ Kh7 42. Rxf6 Rd1+ 43. Kg2 e1=Q 44. Qh5+ Kg8 45. Qf7+ 1/2-1/2

[Event "ASKO Høstturnering 2009"]
[Site "Oslo"]
[Date "2009.10.27"]
[Round "5"]
[White "Olsen, Alf Marius Foss"]
[Black "Hjelle, Øyvind"]
[Result "0-1"]
[WhiteElo "1461"]
[BlackElo "1422"]
[PlyCount "96"]
[EventDate "2009.??.??"]

1. e4 c5 2. Nf3 e6 3. d4 cxd4 4. Nxd4 a6 5. Bd3 Qc7 6. Be3 Nf6 7. O-O Nc6 8.
Nd2 b5 9. Rc1 Bb7 10. c4 b4 11. f3 Be7 12. N2b3 Ne5 13. Be2 Rc8 14. Qd2 Qb8 15.
c5 O-O 16. Qxb4 d5 17. cxd6 Rxc1 18. Rxc1 Bxd6 19. Qa4 Qa8 20. Nc5 Bxc5 21.
Rxc5 Nfd7 22. Rc7 Qb8 23. Rxd7 Nxd7 24. Qxd7 Bc8 25. Qa4 Qxb2 26. Bxa6 Qc3 27.
Kf2 Qb2+ 28. Ne2 Qf6 29. Bxc8 Qh4+ 30. Ng3 Rxc8 31. h3 h6 32. Qb3 Qd8 33. Ne2
Rb8 34. Qc3 Rb1 35. Bd4 Qh4+ 36. g3 Qxh3 37. Bxg7 Rf1+ 38. Ke3 Qh5 39. Nd4 Qg5+
40. Ke2 Rc1 41. Qb2 Rh1 42. Bxh6 Qxh6 43. Qb8+ Kh7 44. Qf4 Qh2+ 45. Kd3 Rd1+
46. Kc3 Qh5 47. g4 Qc5+ 48. Kb3 Rb1+ 0-1

[Event "ASKO Høstturnering 2009"]
[Site "Oslo"]
[Date "2009.11.01"]
[Round "5"]
[White "Olsen, Andrei"]
[Black "Ali, Karim"]
[Result "1-0"]
[WhiteElo "1627"]
[BlackElo "1633"]
[PlyCount "51"]
[EventDate "2009.??.??"]

1. e4 Nf6 2. e5 Nd5 3. d4 d6 4. c4 Nb6 5. exd6 exd6 6. Nc3 Be7 7. Nf3 Bg4 8.
Be3 O-O 9. b3 Nc6 10. Be2 Re8 11. O-O Bf6 12. Rc1 g6 13. h3 Bf5 14. Bd3 Qd7 15.
Bxf5 Qxf5 16. Nb5 Re7 17. Qd2 a6 18. Nxc7 Rxc7 19. d5 Nc8 20. dxc6 bxc6 21. Nd4
Qd7 22. Rfd1 c5 23. Ne2 a5 24. Nc3 Bg7 25. Ne4 Ra6 26. Nxc5 1-0

[Event "ASKO Høstturnering 2009"]
[Site "Oslo"]
[Date "2009.11.03"]
[Round "5"]
[White "Syversrud, Jørn Christian"]
[Black "Briseid, Håkon"]
[Result "0-1"]
[WhiteElo "1250"]
[BlackElo "1987"]
[PlyCount "90"]
[EventDate "2009.??.??"]

1. e4 e5 2. Nf3 Nc6 3. Bc4 Nf6 4. d3 Be7 5. O-O d6 6. h3 Na5 7. Bb3 Nxb3 8.
axb3 h6 9. Be3 a6 10. Nc3 O-O 11. Nh2 Be6 12. f4 exf4 13. Bxf4 d5 14. e5 Nh7
15. Nf3 c5 16. Qd2 Qd7 17. Kh2 Rfe8 18. Rae1 Nf8 19. Ne2 Ng6 20. Bg3 b5 21. Nf4
Nxf4 22. Bxf4 a5 23. Ra1 a4 24. bxa4 bxa4 25. d4 c4 26. Ra2 Reb8 27. Rfa1 Rb4
28. c3 Rb3 29. Qf2 Qb5 30. Bc1 Qc6 31. Qc2 Bd7 32. Nd2 Rbb8 33. Nf3 Qb5 34. Nd2
Qb7 35. Qd1 Qc7 36. Nf3 Qa5 37. Qc2 Ra6 38. Kh1 Rba8 39. Nd2 a3 40. bxa3 Ba4
41. Qb1 Qxc3 42. Qb7 Bg5 43. Qxd5 Bc6 44. Qxc4 Qxh3+ 45. Kg1 Qxg2# 0-1

[Event "ASKO Høstturnering 2009"]
[Site "Oslo"]
[Date "2009.10.27"]
[Round "5"]
[White "Søreng, Eirik"]
[Black "Flügel, Stefan"]
[Result "0-1"]
[WhiteElo "1622"]
[BlackElo "1715"]
[PlyCount "84"]
[EventDate "2009.??.??"]

1. c4 e5 2. g3 f5 3. a3 Nf6 4. Nc3 c6 5. d4 exd4 6. Qxd4 Be7 7. Bg2 O-O 8. Nh3
Na6 9. O-O Nc5 10. Qd1 a5 11. Bf4 d6 12. b4 axb4 13. axb4 Rxa1 14. Qxa1 Ne6 15.
Rd1 Nxf4 16. Nxf4 g5 17. Nh3 Ng4 18. c5 h6 19. Qa2+ Kg7 20. Qd2 dxc5 21. Qb2
Qe8 22. bxc5 Bf6 23. Qc2 Ne3 24. fxe3 Qxe3+ 25. Nf2 Qxc3 26. Qxc3 Bxc3 27. g4
Re8 28. gxf5 Bxf5 29. e4 Be6 30. Rb1 Re7 31. Nd3 Rf7 32. Rc1 Bd4+ 33. Kh1 h5
34. h3 g4 35. Kh2 gxh3 36. Bh1 Kg6 37. Kg3 Kg5 38. e5 h4+ 39. Kh2 Bf5 40. Rc4
Rd7 41. Ne1 Bxe5+ 42. Kg1 Rd1 0-1

[Event "ASKO Høstturnering 2009"]
[Site "Oslo"]
[Date "2009.10.27"]
[Round "5"]
[White "Tveit, Geir"]
[Black "Fredriksen, Jan Gunnar"]
[Result "1/2-1/2"]
[WhiteElo "1462"]
[BlackElo "1810"]
[PlyCount "71"]
[EventDate "2009.??.??"]

1. d4 d6 2. Bf4 Nf6 3. e3 g6 4. Nf3 Bg7 5. h3 O-O 6. Be2 c5 7. c3 cxd4 8. exd4
Nbd7 9. O-O Re8 10. Re1 Nb6 11. Nbd2 Be6 12. Ng5 Bd5 13. Bf3 Bxf3 14. Ndxf3 d5
15. Ne5 Rf8 16. Qe2 h6 17. Ngxf7 Rxf7 18. Nxf7 Kxf7 19. Qe6+ Kf8 20. Re2 Qd7
21. Qe3 g5 22. Be5 Kg8 23. Rae1 Rf8 24. Bh2 Rf7 25. Qe5 a6 26. Qc7 Qxc7 27.
Bxc7 Nc8 28. Bd8 Kf8 29. f3 Ke8 30. Bc7 Kd7 31. Be5 Nh5 32. b3 Bf6 33. c4 dxc4
34. bxc4 Bxe5 35. Rxe5 Ng7 36. Rb1 1/2-1/2

[Event "ASKO Høstturnering 2009"]
[Site "Oslo"]
[Date "2009.10.27"]
[Round "5"]
[White "Valle, Lars"]
[Black "Olaussen, Atle Gjøran"]
[Result "1-0"]
[WhiteElo "1487"]
[BlackElo "1333"]
[PlyCount "101"]
[EventDate "2009.??.??"]

1. d4 Nf6 2. Nf3 e6 3. e3 b6 4. Bd3 Bb7 5. Nbd2 d5 6. Qe2 Be7 7. e4 dxe4 8.
Nxe4 Nbd7 9. O-O O-O 10. Nfg5 h6 11. Nf3 Nxe4 12. Bxe4 Bxe4 13. Qxe4 Nf6 14.
Qc6 Qd6 15. Qc3 Rac8 16. Be3 Nd5 17. Qd2 Nxe3 18. fxe3 Qb4 19. c3 Qb5 20. Ne5
Rcd8 21. Rf2 Bf6 22. a4 Qe8 23. Ng4 Bg5 24. b4 c5 25. b5 h5 26. Ne5 Bf6 27. Nc6
Rd7 28. Qe2 Bg5 29. Raf1 f6 30. Ne5 Rc7 31. Qd3 cxd4 32. cxd4 h4 33. Nf3 Qh5
34. Ne5 Qh6 35. Rf3 Rfc8 36. Nc6 Rf8 37. e4 Rcf7 38. e5 f5 39. d5 Rd7 40. d6
Bd8 41. g4 g6 42. h3 Rff7 43. Qc4 g5 44. gxf5 exf5 45. e6 Kg7 46. Nxd8 Rxd8 47.
exf7 Qxd6 48. Qc3+ Kh7 49. Rxf5 Rc8 50. f8=Q Rxf8 51. Rxf8 1-0

[Event "ASKO Høstturnering 2009"]
[Site "Oslo"]
[Date "2009.10.27"]
[Round "5"]
[White "Valle, Stian"]
[Black "Liabøtrø, Ola"]
[Result "0-1"]
[WhiteElo "1235"]
[BlackElo "1352"]
[PlyCount "62"]
[EventDate "2009.??.??"]

1. e4 d5 2. exd5 Qxd5 3. Nc3 Qa5 4. d4 Nf6 5. Nf3 Bf5 6. Bc4 e6 7. O-O Bb4 8.
Ne2 c6 9. Bf4 Nbd7 10. a3 Be7 11. Ng3 Bg6 12. Ne5 Nxe5 13. dxe5 Nd5 14. Bxd5
cxd5 15. c3 Qb5 16. Qd2 O-O 17. Be3 b6 18. f4 Bd3 19. a4 Qa6 20. Rf2 g6 21. b4
Qc4 22. Rd1 Be4 23. Bd4 Rac8 24. Nxe4 dxe4 25. Qe3 Qb3 26. Ra1 Rc4 27. a5 Rd8
28. Rd2 b5 29. Qxe4 Qxc3 30. Qb7 Rcxd4 31. Rxd4 Qxd4+ 0-1

[Event "ASKO Høstturnering 2009"]
[Site "Oslo"]
[Date "2009.11.10"]
[Round "6"]
[White "Flügel, Stefan"]
[Black "Erikstad, Olav"]
[Result "0-1"]
[WhiteElo "1715"]
[BlackElo "1646"]
[PlyCount "65"]
[EventDate "2009.??.??"]

1. Nc3 d5 2. e4 c6 3. f4 dxe4 4. Nxe4 Nf6 5. Nf2 Bf5 6. Bc4 e6 7. Nf3 Bd6 8. d3
Qc7 9. Nd4 Bxf4 10. Nxf5 Qe5+ 11. Ne3 Bxe3 12. O-O Bb6 13. Qf3 Qh5 14. Qxh5
Nxh5 15. Kh1 Nd7 16. Ne4 Bc7 17. Ng5 Ne5 18. Bb3 Ng4 19. Bxe6 fxe6 20. Nxe6
Bxh2 21. Nxg7+ Nxg7 22. Bg5 Bg3 23. Rf3 Nh5 24. Raf1 Rg8 25. Rf5 Bf2 26. Bh4
Bxh4 27. Rxh5 Bg3 28. Rxh7 O-O-O 29. Rff7 Rde8 30. Re7 Rxe7 31. Rxe7 Rh8+ 32.
Kg1 Bf2+ 33. Kf1 0-1

[Event "ASKO Høstturnering 2009"]
[Site "Oslo"]
[Date "2009.11.10"]
[Round "6"]
[White "Fredriksen, Jan Gunnar"]
[Black "Paulshus, Anders"]
[Result "0-1"]
[WhiteElo "1810"]
[BlackElo "1203"]
[PlyCount "76"]
[EventDate "2009.??.??"]

1. f4 e5 2. e4 Bc5 3. Nf3 d6 4. c3 Nf6 5. d4 Bb6 6. fxe5 dxe5 7. Bg5 h6 8. Bxf6
Qxf6 9. Nxe5 Qh4+ 10. g3 Qxe4+ 11. Kd2 O-O 12. Bd3 Qg2+ 13. Kc1 Nd7 14. Nc4 Nf6
15. Nbd2 Bg4 16. Qf1 Qd5 17. Kc2 c5 18. Nxb6 axb6 19. dxc5 bxc5 20. h3 Be6 21.
Nc4 Qc6 22. g4 Nd5 23. Qf2 b5 24. Ne5 Qc7 25. Rhe1 c4 26. Bf5 b4 27. Qd4 bxc3
28. bxc3 Ra3 29. Bxe6 Rxc3+ 30. Qxc3 Nxc3 31. Bxc4 Nb5 32. Rac1 Na3+ 33. Kb2
Qb6+ 34. Bb3 Qd4+ 35. Kxa3 Ra8+ 36. Ba4 Rxa4+ 37. Kb3 Rb4+ 38. Ka3 Qb2# 0-1

[Event "ASKO Høstturnering 2009"]
[Site "Oslo"]
[Date "2009.11.10"]
[Round "6"]
[White "Hjelle, Øyvind"]
[Black "Blomkvist, Vemund"]
[Result "0-1"]
[WhiteElo "1422"]
[BlackElo "1484"]
[PlyCount "36"]
[EventDate "2009.??.??"]

1. e4 e5 2. Nf3 f5 3. exf5 Nc6 4. Bb5 e4 5. Bxc6 bxc6 6. Nd4 Qf6 7. Ne2 d5 8.
Ng3 Bd6 9. O-O h5 10. d3 h4 11. Nh5 Qf7 12. Nf4 Qxf5 13. dxe4 dxe4 14. g3 hxg3
15. fxg3 Bc5+ 16. Kg2 g5 17. Qe2 gxf4 18. Rxf4 Rxh2+ 0-1

[Event "ASKO Høstturnering 2009"]
[Site "Oslo"]
[Date "2009.11.10"]
[Round "6"]
[White "Hole, Øystein"]
[Black "Breivik, Rolv"]
[Result "1-0"]
[WhiteElo "2377"]
[BlackElo "1571"]
[PlyCount "83"]
[EventDate "2009.??.??"]

1. Nf3 d5 2. d4 Bg4 3. Ne5 Bf5 4. c4 e6 5. Nc3 c6 6. Bf4 Nf6 7. e3 Qa5 8. Be2
Bb4 9. Qb3 Ne4 10. Rc1 g5 11. Bg3 Nxg3 12. hxg3 Bxc3+ 13. Rxc3 Qb6 14. Qa3 Qc7
15. Bh5 Rf8 16. g4 Bg6 17. Bxg6 hxg6 18. cxd5 exd5 19. Nf3 f6 20. e4 Qe7 21.
Qxe7+ Kxe7 22. exd5 Kd6 23. Rh7 Nd7 24. dxc6 bxc6 25. Nd2 Nb6 26. Rc5 Rae8+ 27.
Kd1 Rh8 28. Rxa7 Rh1+ 29. Kc2 Re2 30. Ra6 Kc7 31. Ra7+ Kb8 32. Ra3 Rxf2 33.
Rxc6 Kb7 34. Rc5 Rxg2 35. d5 Rhh2 36. Rd3 Nd7 37. Rc4 f5 38. d6 Nb6 39. Rc7+
Kb8 40. Rc5 Rxg4 41. Rb5 Kb7 42. d7 1-0